Statistiche per Paesi che contengono una lettera - SS+

Clicka qui per fare il quiz!

Statistiche generali

  • Questo quiz è stato fatto 58 volte
  • Il punteggio medio è 5 su 12

Statistiche sulle risposte

CategoriaPaese% Corretto
2 x SRussia
79%
2 x SBielorussia
62%
2 x SMessico
53%
3 x SSaint Kitts e Nevis
53%
2 x SSeychelles
53%
2 x SSud Sudan
47%
2 x SStati Federati di Micronesia
44%
2 x SIsole Marshall
38%
2 x SLussemburgo
35%
2 x SIsole Salomone
32%
3 x SPaesi Bassi
26%
2 x SGuinea-Bissau
24%

Distribuzione punteggi

Percentile per numero di risposta

Percentuale di utenti per punteggio

I tuoi punteggi nel tempo

Non hai fatto questo quiz